Factbook OCDE 2007: estadísticas económicas, ambientales y sociales
Guardat en:
| Autor corporatiu: | , |
|---|---|
| Format: | Llibre |
| Idioma: | espanyol |
| Publicat: |
Mayol Ediciones
2007
|
| Matèries: | |
| Etiquetes: |
Afegir etiqueta
Sense etiquetes, Sigues el primer a etiquetar aquest registre!
|
MARC
| LEADER | 00000cam a2200000 a 4500 | ||
|---|---|---|---|
| 001 | UCF3798 | ||
| 003 | CL-VaPUC | ||
| 008 | 121031e20070000CK |||||||||||||||||spa|d | ||
| 020 | |a 9789588307282 | ||
| 082 | 0 | 4 | |a 338.6048 |b OCD |2 21 |
| 110 | 2 | |a OCDE |e author |9 565522 | |
| 710 | 2 | |a Organización para la Cooperación y el Desarrollo Económicos |e author |9 565523 | |
| 245 | 1 | 0 | |a Factbook OCDE 2007: estadísticas económicas, ambientales y sociales |
| 300 | |a 275 p | ||
| 942 | |c BK | ||
| 945 | |d 20121031 00:00:00 |a dcastane | ||
| 260 | |b Mayol Ediciones |c 2007 | ||
| 650 | 0 | |a Desarrollo económico |9 259599 | |
| 650 | 0 | |a Desarrollo económico y social |9 256320 | |
| 650 | 0 | |a Competencia económica |9 256096 | |
| 650 | 0 | |a Políticas económicas |9 353940 | |
| 650 | 0 | |a Relaciones Internacionales |9 255740 | |
| 650 | 7 | |a ECONOMIA GLOBAL |2 CL-VaPUC |9 407077 | |
| 583 | |a last modification |c 20121031 10:09:00 |k Rodrigo Vera | ||
| 999 | |c 349928 |d 349926 | ||
| 952 | |0 0 |1 0 |4 0 |6 338_604800000000000_OCD_2007 |7 0 |8 F |9 452815 |a BIBGIM |b BIBGIM |d 2019-11-22 |i 4793277 |o 338.6048 OCD 2007 |p 4793277 |r 2025-01-15 |w 2019-11-22 |y BK_F |k SSL | ||